000 00937cam a22001934a 4500
005 20250605164037.0
008 250528s ||||||||||||||||||||||||d
035 _a16861
020 _a9608516900
040 _aGR-AtMCL
_bgre
_dGR-AtMCL
_eAACR2
245 1 _aGolden Grammar
260 _bGolden Series Editions,
_c1993
300 _a208
520 _aΤο παρόν βιβλίο προσφέρει με άμεσο και ουσιαστικό τρόπο τη σωστή και γερά θεμελιωμένη γνώση της Αγγλικής Γλώσσας. Tenses, Auxiliary Verbs, The Indefinite Article, Order of Words, Sequences of Tenses, Infinitive, Gerund, Clauses of Concession, Conditions, Conjunctions - Correlative Conjunctions, Words with Prepositions, House - Home, The Verb to Be, The Verb to Have, Irregular Verbs.
700 1 _aGiannakopoulou Helen
_92945
942 _cBK
999 _c2313
_d2313